000 01312nam a2200325Ia 4500
001 ebr10516108
003 CaPaEBR
006 m u
007 cr cn|||||||||
008 070716s2009 cau sb 000 0 eng d
020 _z9781605091341
040 _aCaPaEBR
_cCaPaEBR
035 _a(OCoLC)769190533
050 1 4 _aHF5549.5.R58
_bK39 2009eb
100 1 _aKaye, Beverly.
245 1 0 _aYield power and produce results
_h[electronic resource] /
_cBeverly Kaye and Sharon Jordan-Evans.
260 _aSan Francisco, Calif. :
_bBerrett-Koehler Publishers,
_c[2009], c2008.
300 _a8 p.
490 0 _aFast fundamentals
490 0 _aBK Whitepaper series
500 _aExcerpted from Love 'em or lose 'em Beverly Kaye and Sharon Jordan-Evans. 4th ed., 2008.
504 _aIncludes bibliographical references.
533 _aElectronic reproduction.
_bPalo Alto, Calif. :
_cebrary,
_d2011.
_nAvailable via World Wide Web.
_nAccess may be limited to ebrary affiliated libraries.
650 0 _aEmployee retention.
650 0 _aLabor turnover.
655 7 _aElectronic books.
_2local
700 1 _aJordan-Evans, Sharon,
_d1946-
710 2 _aebrary, Inc.
856 4 0 _uhttp://site.ebrary.com/lib/rucke/Doc?id=10516108
_zAn electronic book accessible through the World Wide Web; click to view
999 _c122387
_d122387